000 00599nam a2200205 i 4500
001 22951
003 ES-MaACL
005 20230906152802.0
007 t|
008 021205s1970 fr ||||1| fre d
100 1 _aAlquie, Ferdinand.
_920470
245 1 3 _aL'expérience /
_cpar Ferdinand Alquié.
250 _a[4e ed.].
260 _aParís :
_bPresses Universitaires de France,
_c1970.
300 _a110 p. ;
_c18 cm.
490 1 _aInitiation Philosophique ;
_v30
830 0 _aInitiation Philosophique ;
_v30
_9229015
852 _aES-MaACL
_jL-11727
_bR.113249
999 _c22951
_d22951